| 000 | 00460nam a2200133 i 4500 | ||
|---|---|---|---|
| 001 | bg | ||
| 245 | 0 |
_aPołączenia elementów metalowych konstrukcji budowlanych i inżynierskich elementów metalowych : _bdruga konferencja naukowa Wydziału Budownictwa Lądowego ART, Olsztn 19-20 października 1981 r. |
|
| 260 |
_aOlsztyn, _c1981. |
||
| 040 | _cBPK | ||
| 041 | _apol | ||
| 080 | _a624.078(061.3) | ||
| 942 | _cKS | ||
| 008 | s pl f |000 0 pol | ||
| 999 |
_c21679 _d21679 |
||
| 856 |
_uhttp://koha.tu.koszalin.pl/cgi-bin/koha/opac-detail.pl?biblionumber=21679 _yKatalog online BPK |
||